000
00342nam a2200133Ia 4500
008
240624s9999 xx 000 0 und d
041
_a
eng
082
_a
004.22 KAM
100
_a
KAMAL RAJ
245
_a
EMBEDDED SYSTEMS ARCHITECTURE PROGRAMMIN
260
_c
2004
_a
New Delhi
_b
Tata McGrawhill
300
_a
xvi, : 633 : cm. ; 24
365
_c
RS
999
_c
2140
_d
2140